000 00273nam a2200121Ia 4500
008 190216s9999||||xx |||||||||||||| ||und||
100 _aSingh N Dr
245 0 _aHindi-Kale Hasiye Par
260 _bLokvani Samsthan
_c2003
300 _a158
650 _aHindi
942 _cBK
999 _c16134
_d16134